000
00221 a2200097 4500
001
46524
100
_a
Tufail, Muhammad
245
_a
Abbi Marekey No
260
_a
Lahore
_b
Adar-e-Faroogh-e-Urdu
_c
090
_c
29625
_d
29625
942
_a
NUST-CAE
_c
M
_c
21808
999
_c
281597
_d
281597